LEADER 01056nam0-22003131i-450- 001 990000072640403321 035 $a000007264 035 $aFED01000007264 035 $a(Aleph)000007264FED01 035 $a000007264 100 $a20011111d--------km-y0itay50------ba 101 0 $aita 105 $ay-------001yy 200 1 $a<>kranke Pumpe und kranke Kompressor$eerste Hilfe bei Betriebsstorungen$epraktisches Handbuch fur Betrieb undWartunf der Pumpen und Kompressoren$faus der Praxis fr die Praxis von Herm. Haeder$gbearbeitet und herausgegeben von Walter Haeder. 210 $aWiesbaden$cO. Haeder$d1921 215 $aVIII, 180 p.$cill.$d20 cm 225 1 $aHaeders Hilfsbucher fr Maschinenbau$v42 610 0 $aPompe 610 0 $aCompressori 676 $a621.6 700 1$aHaeder,$bHermann$04908 801 0$aIT$bUNINA$gRICA$2UNIMARC 901 $aBK 912 $a990000072640403321 952 $a13 L 21 20$b6233$fFINBC 959 $aFINBC 996 $aKranke Pumpe und kranke Kompressor$9110638 997 $aUNINA DB $aING01 LEADER 01466nam0 2200313 450 001 000034667 005 20141205141504.0 100 $a20130419d2013----km-y0itay50------ba 101 0 $aeng 102 $aIT 105 $aa---m-------- 200 1 $aPhysiopathological and biotechnological studies on honey bee venom in laboratory animals$bTesi di dottorato$fdottorando: Ahmed Salem Salman Hussein$gcoordinaore: Sabino A. Bufo$gtutor: Mohamed Nagib El-Bassiony$gco-tutor: Sabino A. Bufo, Mahmoud Mohamed Ismail El-Hamamy 210 $a[Potenza]$d2013 215 $aVII, 121 p.$d31 cm. 328 1$aSul frontespizio: Universitą degli Studi della Basilicata, Dottorato di ricerca Crop systems, forestry and environmental Sciences, XXV ciclo, A.a. 2012-2013 676 $a616$v(22. ed.)$9Malattie 676 $a616$v(22. ed.)$9Malattie 686 $aAGR/13$cChimica agraria 700 1$aHussein,$bAhmed Salem Salman$0446417 801 0$aIT$bUniversitą della Basilicata - B.I.A.$gREICAT$2unimarc 912 $a000034667 996 $aPhysiopathological and biotechnological studies on honey bee venom in laboratory animals$997725 997 $aUNIBAS BAS $aAGRARIA CAT $aSTD088$b01$c20130419$lBAS01$h1114 CAT $aTTM$b30$c20140310$lBAS01$h1020 CAT $aTTM$b30$c20141205$lBAS01$h1415 FMT Z30 -1$lBAS01$LBAS01$mBOOK$1BASA2$APolo Tecnico-Scientifico$2TDO$BTesi di Dottorato$3TDA.25c.HA1$528596-10$820130419$f98$FConsultazione LEADER 02647nam 2200601 450 001 9910784677803321 005 20230422044727.0 010 $a0-19-770267-8 010 $a0-19-028487-0 010 $a1-280-47258-8 010 $a0-19-535141-X 010 $a1-60256-382-9 035 $a(CKB)1000000000363153 035 $a(EBL)271203 035 $a(OCoLC)252574397 035 $a(SSID)ssj0000124600 035 $a(PQKBManifestationID)11134846 035 $a(PQKBTitleCode)TC0000124600 035 $a(PQKBWorkID)10023676 035 $a(PQKB)10475007 035 $a(MiAaPQ)EBC4702678 035 $a(EXLCZ)991000000000363153 100 $a20161012h20002000 uy 0 101 0 $aeng 135 $aur|n|---||||| 181 $ctxt 182 $cc 183 $acr 200 10$aCollaborative advantage $ewinning through their extended enterprise supplier networks /$fJeffrey H. Dyer 210 1$aOxford, [England] :$cOxford University Press,$d2000. 210 4$d©2000 215 $a1 online resource (222 p.) 300 $aIncludes index. 311 $a0-19-513068-5 320 $aIncludes bibliographical references (p. [185]-195) and index. 327 $aContents; Preface; Acknowledgments; Introduction: Collaborative Advantage and the Extended Enterprise; 1 Creating Partnerships for Collaborative Advantage; 2 Creating Dedicated Assets in the Extended Enterprise; 3 Effective Knowledge Management in the Extended Enterprise; 4 Creating Trust in the Extended Enterprise; 5 Chrysler's Extended Enterprise: The Process; 6 Chrysler's Extended Enterprise: The Results; 7 Key Lessons for Implementing the Extended Enterprise; Conclusion: A Model for the Future; Notes; Index; A; B; C; D; E; F; G; H; I; J; K; L; M; N; O; P; Q; R; S; T; U; V; W; Z 330 $aDemonstrates the power of collaborative advantage, arguing that, in the future, competitive advantage will increasingly be created by teams of companies, rather than by the single firm. Managers who do not recognize this development - regardless of their industry - are in danger of adopting the wrong strategies for their firms. 606 $aIndustrial procurement$vCase studies 606 $aBusiness networks$vCase studies 606 $aComparative management 615 0$aIndustrial procurement 615 0$aBusiness networks 615 0$aComparative management. 676 $a658.044 676 $a658.72 700 $aDyer$b Jeffrey H.$0935843 801 0$bMiAaPQ 801 1$bMiAaPQ 801 2$bMiAaPQ 906 $aBOOK 912 $a9910784677803321 996 $aCollaborative advantage$93827578 997 $aUNINA